| 000 | 00671cam a2200193 4500 | ||
|---|---|---|---|
| 001 | WB3712-36 | ||
| 008 | 000000n2001 000 0 eng u | ||
| 035 | _a(Sirsi) u111531 | ||
| 245 | _aCash boost for West Midlands | ||
| 260 | _c2001 | ||
| 490 |
_aDTI News Release _v(P/2001/160) 16 March 2001, (3) |
||
| 520 | _aThe Trade and Industry Secretary has announced a £59m package of proposals to modernise, diversify and regenerate the economy of the West Midlands in response to the recommendations of the Rover Task Force | ||
| 590 | _aWB | ||
| 650 | _aGOVERNMENT FUNDING | ||
| 650 | _aGRANTS | ||
| 650 | _aWEST MIDLANDS | ||
| 690 | _aREGENERATION | ||
| 942 | _n0 | ||
| 999 |
_c66466 _d66466 |
||